| 000 | 00754nam a2200217 4500 | ||
|---|---|---|---|
| 010 | _aA-346348 | ||
| 020 |
_a8170123712 _c440.00 |
||
| 035 | _aA-346348 | ||
| 037 | _aCen Lib/Ret | ||
| 040 |
_aDPL _bEN |
||
| 082 |
_a658.312 _bGHA |
||
| 245 |
_aLaw and procedure of departmental enquiries in private and public sectors / _cby B R Ghaiye |
||
| 250 | _b3rd ed | ||
| 260 |
_aLucknow _bEastern Book Company _c1988 |
||
| 270 |
_a34, lalbagh _bLucknow _e22601 |
||
| 300 |
_a2 v. ( v 1. 880 ; v 2. 881-1903 ) _b25cm. _cill |
||
| 500 | _a2 v. ; v 1. Chapter 1-13 (available) ; v 2. Chapter 14-end (available). | ||
| 650 | _aCivil service -- India. | ||
| 650 | _aLabor laws and legislation -- India. | ||
| 942 |
_2ddc _cEN _h658.312 _mGHA |
||
| 999 |
_c136405 _d136405 |
||